| Tag |
First Indicator |
Second Indicator |
Subfields |
| LEADER |
00000cam a22000001 4500 |
| 001 |
in00000035452 |
| 005 |
20151007060812.0 |
| 008 |
721213s1957 nyu 00000 eng |
| 010 |
|
|
|a 57004739
|
| 035 |
|
|
|a (OCoLC)00845126
|
| 035 |
|
|
|9 AAD0216AM
|
| 040 |
|
|
|a DLC
|c DLC
|d TXA
|d UtOrBLW
|
| 043 |
|
|
|a n-us---
|
| 049 |
|
|
|a TXAM
|c [287015]
|
| 050 |
0 |
0 |
|a PN99.U5
|b V3
|
| 082 |
0 |
|
|a 801
|
| 092 |
|
|
|a 801
|b V269
|
| 100 |
1 |
|
|a Van Nostrand, Albert D.
|
| 245 |
1 |
0 |
|a Literary criticism in America.
|
| 264 |
|
1 |
|a New York :
|b Liberal Arts Press,
|c [1957]
|
| 300 |
|
|
|a 333 pages ;
|c 21 cm.
|
| 336 |
|
|
|a text
|b txt
|2 rdacontent
|
| 337 |
|
|
|a unmediated
|b n
|2 rdamedia
|
| 338 |
|
|
|a volume
|b nc
|2 rdacarrier
|
| 490 |
0 |
|
|a The American heritage series, no. 16
|
| 536 |
|
|
|a From the library of Harrison T. Meserole, 2002.
|
| 650 |
|
0 |
|a Criticism
|z United States.
|
| 650 |
|
0 |
|a American literature
|x History and criticism.
|
| 999 |
|
|
|a MARS
|
| 999 |
f |
f |
|s 6f25daa0-9553-3032-b60a-af7b38504773
|i ff9dd76f-35de-3740-954f-4b6a38a874b3
|t 0
|
| 952 |
f |
f |
|p ric
|a Texas A&M University
|b Rellis Campus
|c Joint Library Facility
|s JLF
|d Remote Storage
|t 0
|e PN99.U5 V3
|h Library of Congress classification
|i unmediated -- volume
|m A14829977687
|
| 998 |
f |
f |
|a PN99.U5 V3
|t 0
|l Remote Storage
|